| 000 | 00379nam a2200145Ia 4500 | ||
|---|---|---|---|
| 008 | 150201s2001 xx 000 0 und d | ||
| 082 |
_a617.3 _bJ2001L |
||
| 100 | _aLEVANGIE,PAMELA | ||
| 245 | _aJOINT STRUCTURE & FUNCTION : A COMP ANALYSIS | ||
| 250 | _a2RD | ||
| 260 |
_bJAYPEE MEDICAL PUBLISHER _aDELHI _c2001 |
||
| 300 | _a1-294 | ||
| 650 | _aPHYSIOTHERAPY | ||
| 942 |
_2ddc _cBK |
||
| 999 |
_c3893 _d3893 |
||